Những quan niệm, những thế giới nghệ thuật văn chương

Nhận diện, đánh giá sâu về mặt lý luận của một số hiện tượng, tác giả văn chương tiêu biểu như Tự lực văn đoàn, phong trào thơ mới 1932 - 1945, Phạm Quỳnh, Thạch Lam, Nam Cao... và giới thiệu các bài viết phân tích đặc điểm cốt lõi về...

Disgrifiad llawn

Wedi'i Gadw mewn:
Manylion Llyfryddiaeth
Prif Awdur: Lê, Quang Hưng
Fformat: Llyfr
Iaith:Undetermined
Cyhoeddwyd: Hà Nội Đại học Quốc gia Hà Nội 2018
Pynciau:
Tagiau: Ychwanegu Tag
Dim Tagiau, Byddwch y cyntaf i dagio'r cofnod hwn!
Thư viện lưu trữ: Trung tâm Học liệu Trường Đại học Cần Thơ
LEADER 01242nam a2200205Ia 4500
001 CTU_233328
008 210402s9999 xx 000 0 und d
082 |a 895.92209 
082 |b H556 
100 |a Lê, Quang Hưng 
245 0 |a Những quan niệm, những thế giới nghệ thuật văn chương 
245 0 |c Lê Quang Hưng 
260 |a Hà Nội 
260 |b Đại học Quốc gia Hà Nội 
260 |c 2018 
520 |a Nhận diện, đánh giá sâu về mặt lý luận của một số hiện tượng, tác giả văn chương tiêu biểu như Tự lực văn đoàn, phong trào thơ mới 1932 - 1945, Phạm Quỳnh, Thạch Lam, Nam Cao... và giới thiệu các bài viết phân tích đặc điểm cốt lõi về tư tưởng, về phong cách toát lên từ thế giới nghệ thuật phong phú của các nhà văn, nhà thơ lớn trong lịch sử nước nhà. 
650 |a Văn học Việt Nam,Vietnamese literature 
650 |x Lịch sử và phê bình,History and criticism 
910 |b dqhieu 
980 |a Trung tâm Học liệu Trường Đại học Cần Thơ